000 00477nam a2200169Ia 4500
003 GCL
008 140319s9999 xx 000 0 eng d
040 _aGCL /
_cGCL
082 0 4 _a128.3
_bH S
100 1 _aHILL, CHRISTOPHER S.
245 1 0 _aSENSATION: A DEFENCE OF TYPE MATERIALISM /
_cHILL, CHRISTOPHER S.
260 _a[S.N] :
_bCAMBRIBGE UNIVERSITY PRESS ،
_c1991
300 _a253 P
650 0 4 _aKNOWLEDGE THEORY
650 0 4 _aSENSES AND SENSATION
942 _2ddc
_cBK
999 _c21324
_d21324